000 00907cam a2200193 4500
001 WB3723-01
008 000000n2001 000 0 eng u
035 _a(Sirsi) u113063
245 _aHospital design 'failing patients'
260 _c2001
490 _aFinancial Times
_v 12 June 2001, 8(1)
520 _aThe Commission for Architecture and the Built Environment criticises hospitals being built under PFI for failing to incorporate the latest design ideas. CABE comments that the PFI approach encourages construction companies to design in cost-saving features to reduce running costs but offers no incentive to use design to improve the lot of patients and to make more attractive buildings.
590 _aWB
650 _aPRIVATE FINANCE INITIATIVE
650 _aHOSPITALS
650 _aBUILT ENVIRONMENT-CONSTRUCTION DESIGN
690 _aBUILT ENVIRONMENT-CONSTRUCTION DESIGN
942 _n0
999 _c67303
_d67303